000 00358nam a22001217a 4500
003 SGT
082 _a301.2
_bB92H
100 _aहेबालकर, शरद
245 _a भारतीय संस्कृति का विश्वसंचार
260 _b सुरुचि प्रकाशन
_c1992
300 _a135
942 _2ddc
_cBK
999 _c29550
_d29550